000 00715nam a2200205 4500
001 172360
003 ES-MaACL
005 20230906214903.0
007 t|
008 090626s1903 fr r ||||1| fre d
080 _a782.6
100 1 _aVaucaire, Maurice.
_9113305
245 1 0 _aHans, le joueur de flute
_b: opéra-comique en trois actes /
_clivret de Maurice Vaucaire & Georges Mitchell ; musique de Louis Ganne.
260 _aParis :
_bG. Ricordi,
_c1903.
300 _a132 p. ;
_c17cm.
650 4 _aÓperas-
_vLibretos.
_9137584
700 1 _aMitchell, Georges (
_d1859-1919)
_9140871
700 1 _aGanne, Louis.
_9138043
852 4 _aES-MaACL
_jE-12733
_9R.190310
_z. - Biblioteca Jacinto Martínez Lacalle
999 _c172360
_d172360